| 000 | 00588ngm a22002410a 4500 | ||
|---|---|---|---|
| 001 | PT15042 | ||
| 003 | AR-LpoUNG | ||
| 005 | 20210201232359.0 | ||
| 007 | co ||u|||uuuuu | ||
| 008 | 191001suuuu||||ag |||||||||||||||||spa d | ||
| 040 |
_aAR-LpoUNG _bspa _cAR-LpoUNG _eaacr |
||
| 041 | _aspa | ||
| 082 | 0 | _a100 579via | |
| 100 | 1 | _aLeón, Antonio J. | |
| 245 | 1 | 0 | _aViaje por el pensamiento |
| 260 |
_as.l. _bDigital Dreams Multimedia, _cs.f. |
||
| 650 | 4 | _aBIOGRAFIAS | |
| 650 | 4 | _aFILOSOFIA | |
| 650 | 4 | _aHISTORIA | |
| 700 | 1 | _aFlorido, F. León | |
| 905 | _a15042 | ||
| 942 | _cCDDVD | ||
| 999 |
_c53509 _d53509 |
||